| 000 | 00000nas##2200000za#4500 |
| 001 | 9.504258 |
| 003 | CaOODSP |
| 005 | 20200325095018 |
| 007 | cr ||||||||||| |
| 008 | 150406c2004||||xxc|| m o||||f| |0fre|d |
| 040 | |aCaOODSP|bfre |
| 043 | |an-cn--- |
| 086 | 1 |aR73-1F-PDF |
| 110 | 1 |aCanada.|bAffaires indiennes et du Nord. |
| 245 | 10|aFeuillets d'information sur les contaminants dans les Territoires du Nord-Ouest |h[ressource électronique] |
| 260 | |aYellowknife - Territoires du Nord-Ouest : |bAffaires indiennes et du Nord |
| 310 | |aIrrégulier |
| 691 | 07|aPolluant|2gcpds |
| 691 | 07|aTerritoire|2gcpds |
| 775 | 08|tNorthwest Territories contaminants fact sheets |w(CaOODSP)9.507881 |